Charakteristika súčasného systému práva sociálneho zabezpečenia
Vymedzenie pojmu sociálneho zabezpečenia. Medzinárodné hľadisko na pojem práva sociálneho zabezpečenia. Stav reformy dôchodkového zabezpečenia a nemocenského poistenia a jeho právnej úpravy na Slovensku. Stav reformy štátnych sociálnych dávok a ich právnej úpravy. Stav reformy sociálnej starostlivos...
Salvato in:
| Autore principale: | |
|---|---|
| Natura: | Capitolo di libro |
| Lingua: | slovacco |
| Soggetti: | |
| Tags: |
Nessun Tag, puoi essere il primo ad aggiungerne!!
|
MARC
| LEADER | 00000naa a2200000 4500 | ||
|---|---|---|---|
| 001 | r030266 | ||
| 005 | 20230921125215.6 | ||
| 041 | 0 | |a slo | |
| 044 | |a SK | ||
| 245 | 1 | 0 | |a Charakteristika súčasného systému práva sociálneho zabezpečenia |c Gajdošíková, Ľ. |
| 520 | |a Vymedzenie pojmu sociálneho zabezpečenia. Medzinárodné hľadisko na pojem práva sociálneho zabezpečenia. Stav reformy dôchodkového zabezpečenia a nemocenského poistenia a jeho právnej úpravy na Slovensku. Stav reformy štátnych sociálnych dávok a ich právnej úpravy. Stav reformy sociálnej starostlivosti a jej právnej úpravy. Požiadavky transformácie sociálneho zabezpečenia. Sociálna ochrana v Európe. | ||
| 610 | 2 | 0 | |a zabezpečenie sociálne |
| 610 | 2 | 0 | |a pojmy |
| 610 | 2 | 0 | |a právo |
| 610 | 2 | 0 | |a reformy sociálne |
| 610 | 2 | 0 | |a zabezpečenie dôchodkové |
| 610 | 2 | 0 | |a poistenie nemocenské |
| 610 | 2 | 0 | |a starostlivosť sociálna |
| 610 | 2 | 0 | |a Slovensko |
| 610 | 2 | 0 | |a úpravy právne |
| 610 | 2 | 0 | |a ochrana sociálna |
| 610 | 2 | 0 | |a Európa |
| 100 | 1 | |a Gajdošíková, Ľudmila | |